|
|
|
|
| LEADER |
00000nab a2200000Ia 4500 |
| 001 |
vtls010708697 |
| 003 |
SK-MaSNL |
| 005 |
20260426092722.0 |
| 008 |
250709|1997 xo |||||||||||||||||slo| |
| 035 |
|
|
|a (urnnbn)urn:nbn:sk:snk:ar-a043se
|
| 035 |
|
|
|a (uuid)e9f01c2d-b8fd-43d7-ad08-dcd25db03906
|
| 035 |
|
|
|a urn:nbn:sk:snk-ab3chq
|
| 040 |
|
|
|a SNKBUCL
|b slo
|c SNKBUCL
|e AACR2
|
| 041 |
0 |
|
|a slo
|
| 044 |
|
|
|a xo
|c SK
|
| 080 |
|
|
|a 796.52
|2 2001
|
| 080 |
|
|
|a (437.6)
|2 2001
|
| 080 |
|
|
|a "321"
|2 2001
|
| 100 |
1 |
|
|a Gelinger, Roman
|4 aut
|9 1528773
|
| 245 |
1 |
0 |
|a Free sólo
|b (Alebo trochu dlhšie jarné liepanie, podfarbené malým hororom)
|c Roman Gelinger
|
| 650 |
0 |
7 |
|a horolezectvo
|2 SNKPH
|9 1050
|
| 650 |
0 |
7 |
|a jar
|2 SNKPH
|9 30216
|
| 651 |
|
7 |
|a Slovensko
|2 SNKPH
|9 14231
|
| 773 |
0 |
|
|t Jamesák : odborný, metodický a informačný časopis Slovenského horolezeckého spolku James
|g Roč. 29, č. 3 (1997), s. 31-34
|
| 850 |
|
|
|a Slovenská národná knižnica
|
| 852 |
|
|
|a Slovenská národná knižnica
|
| 954 |
|
|
|a odborná, vedecká literatúra pôvodná (slovenská)
|2 lita
|
| 958 |
|
|
|a article1
|
| 958 |
|
|
|a OND
|
| 958 |
|
|
|a EUIPO
|
| 999 |
|
|
|c 3074209
|d 3076139
|